<?xml version="1.0" encoding="UTF-8"?><?xml-stylesheet type="text/xsl" href="static/style.xsl"?><OAI-PMH xmlns="http://www.openarchives.org/OAI/2.0/" xmlns:xsi="http://www.w3.org/2001/XMLSchema-instance" xsi:schemaLocation="http://www.openarchives.org/OAI/2.0/ http://www.openarchives.org/OAI/2.0/OAI-PMH.xsd"><responseDate>2026-04-27T12:51:34Z</responseDate><request verb="GetRecord" identifier="oai:uvadoc.uva.es:10324/62155" metadataPrefix="marc">https://uvadoc.uva.es/oai/request</request><GetRecord><record><header><identifier>oai:uvadoc.uva.es:10324/62155</identifier><datestamp>2023-10-20T19:00:44Z</datestamp><setSpec>com_10324_1157</setSpec><setSpec>com_10324_931</setSpec><setSpec>com_10324_894</setSpec><setSpec>col_10324_1298</setSpec></header><metadata><record xmlns="http://www.loc.gov/MARC21/slim" xmlns:doc="http://www.lyncode.com/xoai" xmlns:xsi="http://www.w3.org/2001/XMLSchema-instance" xmlns:dcterms="http://purl.org/dc/terms/" xsi:schemaLocation="http://www.loc.gov/MARC21/slim http://www.loc.gov/standards/marcxml/schema/MARC21slim.xsd">
<leader>00925njm 22002777a 4500</leader>
<datafield tag="042" ind1=" " ind2=" ">
<subfield code="a">dc</subfield>
</datafield>
<datafield tag="720" ind1=" " ind2=" ">
<subfield code="a">Peinador Dávila, René Israel</subfield>
<subfield code="e">author</subfield>
</datafield>
<datafield tag="720" ind1=" " ind2=" ">
<subfield code="a">Abba, Oumaima</subfield>
<subfield code="e">author</subfield>
</datafield>
<datafield tag="720" ind1=" " ind2=" ">
<subfield code="a">Calvo Díez, José Ignacio</subfield>
<subfield code="e">author</subfield>
</datafield>
<datafield tag="260" ind1=" " ind2=" ">
<subfield code="c">2022</subfield>
</datafield>
<datafield tag="520" ind1=" " ind2=" ">
<subfield code="a">This works aims to study the porous characterization of several commercial Gas Diffusion Layers (GDL). Three carbon-based porous GDL featuring a highly rigid microstructure of interconnected pores of several manufacturers were analyzed. Gas Liquid Displacement Porometry (GLDP) and Liquid Extrusion Porometry (LEP) have been used to obtain their pore size distributions (PSD) and the mean and mode pore diameters (davg and dmod), by means of a gas/liquid and extrusion porometer developed at IFTS. N-dodecane liquid has been used to completely wet the GDL’s assuring penetration of the liquid into the carbon fibrous structure. The results demonstrated the accuracy of the setup on characterizing GDL in the Particle Filtration (PF) range by GLDP and LEP, with reasonable agreements of resulting PSD and average sizes between both techniques when GLDP and LEP results are compared. Differences can be explained in terms of the high pore connectivity of these kinds of structures.</subfield>
</datafield>
<datafield tag="024" ind2=" " ind1="8">
<subfield code="a">Membranes, 2022, Vol. 12, Nº. 2, 212</subfield>
</datafield>
<datafield tag="024" ind2=" " ind1="8">
<subfield code="a">2077-0375</subfield>
</datafield>
<datafield tag="024" ind2=" " ind1="8">
<subfield code="a">https://uvadoc.uva.es/handle/10324/62155</subfield>
</datafield>
<datafield tag="024" ind2=" " ind1="8">
<subfield code="a">10.3390/membranes12020212</subfield>
</datafield>
<datafield tag="024" ind2=" " ind1="8">
<subfield code="a">212</subfield>
</datafield>
<datafield tag="024" ind2=" " ind1="8">
<subfield code="a">2</subfield>
</datafield>
<datafield tag="024" ind2=" " ind1="8">
<subfield code="a">Membranes</subfield>
</datafield>
<datafield tag="024" ind2=" " ind1="8">
<subfield code="a">12</subfield>
</datafield>
<datafield tag="024" ind2=" " ind1="8">
<subfield code="a">2077-0375</subfield>
</datafield>
<datafield ind1=" " ind2=" " tag="653">
<subfield code="a">Membrane separation</subfield>
</datafield>
<datafield ind1=" " ind2=" " tag="653">
<subfield code="a">Membranes (Technology)</subfield>
</datafield>
<datafield ind1=" " ind2=" " tag="653">
<subfield code="a">Gas diffusion</subfield>
</datafield>
<datafield ind1=" " ind2=" " tag="653">
<subfield code="a">Difusión (Física)</subfield>
</datafield>
<datafield ind1=" " ind2=" " tag="653">
<subfield code="a">Pore size distribution</subfield>
</datafield>
<datafield ind1=" " ind2=" " tag="653">
<subfield code="a">Capillary pressure</subfield>
</datafield>
<datafield ind1=" " ind2=" " tag="653">
<subfield code="a">Filters and filtration</subfield>
</datafield>
<datafield tag="245" ind1="0" ind2="0">
<subfield code="a">Characterization of commercial gas diffusion layers (GDL) by liquid extrusion porometry (LEP) and gas liquid displacement porometry (GLDP)</subfield>
</datafield>
</record></metadata></record></GetRecord></OAI-PMH>